000 01297cam a2200397 a 4500
001 2387
003 BD-DhEWU
005 20140615205057.0
008 890620s1990 nyua g b 001 0 eng d
010 _a89012575
020 _a0070370478
020 _a9780070370470
020 _a 0071006982
035 _a(OCoLC)20014974
040 _aDLC
_cDLC
_dDLC
_dBD-DhEWU
_beng
041 _aeng
050 0 0 _aHD39.5
_b.D62 1990
082 0 4 _a658.7
_222
_bDOP 1990
100 1 _aDobler, Donald W.
_912045
245 1 0 _aPurchasing and materials management :
_btext and cases /
_cDonald W. Dobler, David N. Burt, Lamar Lee, Jr.
250 _a5th ed.
260 _aNew York :
_bMcGraw-Hill Pub. Co.,
_cc1990.
300 _axix, 843 p. :
_bill. ;
_c24 cm.
490 0 _aMcGraw-Hill series in marketing.
500 _a
504 _aIncludes bibliographical references and index.
526 _aBA
590 _aSaifun Momota
650 0 _aIndustrial procurement.
_95245
650 0 _aPurchasing.
_912046
650 0 _aMaterials management.
_95248
700 1 _aBurt, David N.
_912047
700 1 _aLee, Lamar.
_912048
856 _3WorldCat details
_uhttp://www.worldcat.org/title/purchasing-and-materials-management-text-and-cases/oclc/20014974&referer=brief_results
942 _2ddc
_cTEXT
999 _c2387
_d2387